Miembros de la Unión Europea por Banderas - Muerte Súbita - Estadísticas

Estadísticas generales
  • Esta prueba ha sido intentada 455 veces
  • La puntuación promedio es 11 de 27
Answers on the Grid
Answers color-coded by a green-red scale on the quiz's grid according to % correct below.
 
Estadísticas de respuestas
Respuesta % Correcto
Belgium
73%
Germany
71%
Austria
65%
France
63%
Croatia
59%
Italy
58%
Greece
58%
Czech Republic
56%
Denmark
56%
Finland
53%
Ireland
49%
Spain
48%
Estonia
42%
Portugal
39%
Bulgaria
38%
Hungary
38%
Luxembourg
37%
Cyprus
35%
Netherlands
34%
Latvia
32%
Lithuania
26%
Sweden
25%
Malta
21%
Poland
21%
Slovenia
19%
Romania
17%
Slovakia
17%
No se encontraron pruebas coincidentes
Distribución de puntuación
Porcentaje de gente con cada puntuación
Porcentaje por número respondido
Historial de tus puntuaciones
No has intentado esta prueba.